[Event "Gelsenkirchen Koenigsspringer op"]
[Site "Gelsenkirchen"]
[Date "2019.12.28"]
[Round "4"]
[White "Broszeit, Peter"]
[Black "Freiknecht, Axel"]
[Result "1-0"]
[WhiteElo "1943"]
[BlackElo "1760"]
[PlyCount "123"]
[EventDate "2019.12.27"]
[EventType "swiss"]
[EventRounds "7"]
[EventCountry "GER"]
[SourceTitle "CBM 194 Extra"]
[Source "ChessBase"]
[SourceDate "2020.03.31"]
[SourceVersion "1"]
[SourceVersionDate "2020.03.31"]
[SourceQuality "1"]

1. e4 c5 2. Nf3 e6 3. b4 Nf6 4. e5 Nd5 5. b5 a6 6. c4 Nb6 7. Nc3 axb5 8. cxb5 d5 9. exd6 Bxd6 10. Bb2 0-0 11. Bd3 N8d7 12. 0-0 Ne5 13. Nxe5 Bxe5 14. Qe2 Bf6 15. a4 Nd7 16. Bc2 b6 17. Qe4 g6 18. Qxa8 Qc7 19. Qc6 Qf4 20. Qf3 Qh4 21. Rfe1 Ne5 22. Qg3 Qb4 23. Ba3 Qd4 24. Ne4 Bg7 25. Qe3 Qd7 26. Qe2 Bb7 27. f4 Qd4+ 28. Qe3 Ng4 29. Qxd4 Bxd4+ 30. Kf1 Nxh2+ 31. Ke2 f5 32. Rab1 fxe4 33. Bb2 Rxf4 34. Bxd4 cxd4 35. Bb3 Kf7 36. Rbc1 Kf6 37. Rc7 Ba8 38. Rc8 Bb7 39. Rb8 Bd5 40. Bxd5 exd5 41. Rf8+ Ke5 42. Rxf4 Kxf4 43. a5 d3+ 44. Kf2 Ng4+ 45. Kf1 bxa5 46. b6 Ne5 47. b7 Nd7 48. Ra1 Ke5 49. Rxa5 Kd6 50. Rb5 Nb8 51. Kf2 Kc6 52. Rb1 d4 53. Kg3 g5 54. Kg4 h5+ 55. Kxg5 e3 56. Kf4 Kc5 57. Ke4 Nd7 58. dxe3 d2 59. exd4+ Kc4 60. Ke3 Kc3 61. Ke2 Kc2 62. Rd1 1-0

[Event "Gelsenkirchen Koenigsspringer op"]
[Site "Gelsenkirchen"]
[Date "2019.12.27"]
[Round "1"]
[White "Freiknecht, Axel"]
[Black "Michalczak, Thomas"]
[Result "0-1"]
[WhiteElo "1760"]
[BlackElo "2266"]
[PlyCount "65"]
[EventDate "2019.12.27"]
[EventType "swiss"]
[EventRounds "7"]
[EventCountry "GER"]
[SourceTitle "CBM 194 Extra"]
[Source "ChessBase"]
[SourceDate "2020.03.31"]
[SourceVersion "1"]
[SourceVersionDate "2020.03.31"]
[SourceQuality "1"]

1. Nf3 Nf6 2. c4 g6 3. d4 Bg7 4. Nc3 0-0 5. g3 d6 6. Bg2 Nc6 7. 0-0 e5 8. d5 Nb8 9. Qc2 a5 10. Bd2 Na6 11. a3 Nc5 12. e4 a4 13. Rad1 Bd7 14. Be3 Ne8 15. Bxc5 dxc5 16. Ne1 Nd6 17. Qd3 Qe7 18. Nc2 f5 19. Rde1 f4 20. f3 Ra6 21. Rf2 Rb6 22. Na1 h5 23. gxf4 Rxf4 24. Ne2 Rf8 25. b4 axb3 26. Nxb3 Nf7 27. Qe3 Qd6 28. Nxc5 Bh6 29. f4 exf4 30. Nxf4 Ne5 31. Nxd7 Qxd7 32. c5 Rbf6 33. Ref1 0-1

[Event "Dortmund Sparkassen op-B 47th"]
[Site "Dortmund"]
[Date "2019.07.21"]
[Round "9"]
[White "Freiknecht, Axel"]
[Black "Kaluza, Lucas"]
[Result "0-1"]
[WhiteElo "1873"]
[BlackElo "1367"]
[PlyCount "58"]
[EventDate "2019.07.13"]
[EventType "swiss"]
[EventRounds "9"]
[EventCountry "GER"]
[SourceTitle "CBM 192 Extra"]
[Source "Chessbase"]
[SourceDate "2019.11.06"]
[SourceVersion "1"]
[SourceVersionDate "2019.11.06"]
[SourceQuality "1"]

1. Nf3 d5 2. c4 d4 3. b4 g6 4. Bb2 Bg7 5. e4 e5 6. d3 a5 7. b5 Nd7 8. Ba3 Bf8 9. Bxf8 Kxf8 10. Be2 Qe7 11. 0-0 Kg7 12. Nfd2 Nc5 13. Nb3 Bd7 14. N1d2 a4 15. Nxc5 Qxc5 16. f4 f6 17. fxe5 fxe5 18. Nf3 Nf6 19. h3 Nh5 20. Kh2 Nf4 21. Qd2 a3 22. Bd1 Raf8 23. Ng1 b6 24. Bc2 Ne6 25. Rab1 Rxf1 26. Rxf1 Rf8 27. Rxf8 Qxf8 28. Qe1 Qf4+ 29. g3 Qe3 0-1

[Event "Dortmund Sparkassen op-B 47th"]
[Site "Dortmund"]
[Date "2019.07.20"]
[Round "8"]
[White "Rathke, Dieter"]
[Black "Freiknecht, Axel"]
[Result "0-1"]
[WhiteElo "1545"]
[BlackElo "1873"]
[PlyCount "106"]
[EventDate "2019.07.13"]
[EventType "swiss"]
[EventRounds "9"]
[EventCountry "GER"]
[SourceTitle "CBM 192 Extra"]
[Source "Chessbase"]
[SourceDate "2019.11.06"]
[SourceVersion "1"]
[SourceVersionDate "2019.11.06"]
[SourceQuality "1"]

1. Nf3 d5 2. c4 e6 3. b3 Nf6 4. Bb2 Be7 5. g3 0-0 6. Bg2 Nbd7 7. a4 c6 8. 0-0 Qc7 9. d4 Ne4 10. Nfd2 Nxd2 11. Nxd2 Re8 12. e4 dxe4 13. Nxe4 Nf6 14. Qc2 h6 15. Rac1 Nxe4 16. Bxe4 Bf6 17. b4 Bd7 18. Rfd1 Bg5 19. f4 Be7 20. Bc3 Rac8 21. Qb3 Qb8 22. c5 b6 23. Qb2 Bf6 24. Bb1 Red8 25. Qc2 g6 26. Ba2 Qb7 27. Qe2 Be8 28. Bxe6 fxe6 29. Qxe6+ Qf7 30. Qe4 Qd5 31. Qe3 Bf7 32. Kf2 Re8 33. Qf3 Qxf3+ 34. Kxf3 Bd5+ 35. Kf2 Re4 36. cxb6 axb6 37. a5 bxa5 38. bxa5 Ra8 39. Rb1 Bd8 40. Ra1 Re7 41. Ra3 Ra6 42. Rda1 Rb7 43. Re1 Kf7 44. g4 Be7 45. Raa1 Rb3 46. Re3 Bh4+ 47. Kg1 Be7 48. Kf2 Bd6 49. Rae1 Ra7 50. Kg3 g5 51. Rf1 Kg6 52. h4 gxf4+ 53. Rxf4 Rf7 0-1

[Event "Gelsenkirchen Silvester op 6th"]
[Site "Gelsenkirchen"]
[Date "2018.12.27"]
[Round "2"]
[White "Freiknecht, Axel"]
[Black "Wittek, Felix"]
[Result "1-0"]
[WhiteElo "1869"]
[BlackElo "1332"]
[PlyCount "59"]
[EventDate "2018.12.27"]
[EventType "swiss"]
[EventRounds "7"]
[EventCountry "GER"]
[SourceTitle "CBM 188 Extra"]
[Source "ChessBase"]
[SourceDate "2019.02.26"]
[SourceVersion "1"]
[SourceVersionDate "2019.02.26"]
[SourceQuality "1"]

1. Nf3 Nf6 2. c4 g6 3. Nc3 Bg7 4. g3 0-0 5. Bg2 Nc6 6. d4 d5 7. cxd5 Nxd5 8. 0-0 Re8 9. a3 Nxc3 10. bxc3 e5 11. e3 e4 12. Nd2 f5 13. Qc2 Re6 14. Bb2 Ne7 15. c4 Rb6 16. Rab1 Rc6 17. Qb3 Rb6 18. Qa2 Bd7 19. Rfd1 Ba4 20. Rdc1 Rc8 21. c5+ Qd5 22. Qxd5+ Nxd5 23. cxb6 axb6 24. Ba1 c5 25. dxc5 Bxa1 26. Rxa1 bxc5 27. Rab1 b5 28. Nb3 c4 29. Nd4 c3 30. Bf1 1-0